Tender price indicators (Record no. 82317)

MARC details
000 -LEADER
fixed length control field 00941cad a22002295a 4500
001 - CONTROL NUMBER
control field L149905
008 - FIXED-LENGTH DATA ELEMENTS--GENERAL INFORMATION
fixed length control field 100514s20120 xxkbdo f s f000 0 eng d
035 ## - SYSTEM CONTROL NUMBER
System control number (Sirsi) u149905
041 0# - LANGUAGE CODE
Language code of text/sound track or separate title eng
110 2# - MAIN ENTRY--CORPORATE NAME
Corporate name or jurisdiction name as entry element Gardiner and Theobald
Subordinate unit Construction and Property Consultancy
9 (RLIN) 5635
245 04 - TITLE STATEMENT
Title Tender price indicators
Medium [electronic resource]
260 ## - PUBLICATION, DISTRIBUTION, ETC.
Place of publication, distribution, etc. Birmingham
Name of publisher, distributor, etc. Gardiner and Theobald
Date of publication, distribution, etc. 2012
490 #0 - SERIES STATEMENT
Series statement Gardiner and Theobald Tender Price Indicators
520 ## - SUMMARY, ETC.
Summary, etc. Quarterly tender price indicators (TPI) for the UK; predictions for growth; regional tender price annual percentage changes; comparisons. From 2008 to present.
590 ## - LOCAL NOTE (RLIN)
Local note KA NTK
650 24 - SUBJECT ADDED ENTRY--TOPICAL TERM
Topical term or geographic name entry element TENDER PRICE INDICATOR
651 #4 - SUBJECT ADDED ENTRY--GEOGRAPHIC NAME
Geographic name United Kingdom
Chronological subdivision
690 ## - LOCAL SUBJECT ADDED ENTRY--TOPICAL TERM (OCLC, RLIN)
Topical term or geographic name as entry element BUILT ENVIRONMENT-BUILDING COSTS
690 ## - LOCAL SUBJECT ADDED ENTRY--TOPICAL TERM (OCLC, RLIN)
Topical term or geographic name as entry element Procurement
9 (RLIN) 6260
856 40 - ELECTRONIC LOCATION AND ACCESS
Uniform Resource Identifier <a href="https://www.gardiner.com/media_publications/economics/">https://www.gardiner.com/media_publications/economics/</a>
Public note View the website free of charge at www.gardiner.com
942 ## - ADDED ENTRY ELEMENTS (KOHA)
Suppress in OPAC 0
Holdings
Withdrawn status Lost status Source of classification or shelving scheme Damaged status Not for loan Home library Current library Shelving location Date acquired Total Checkouts Full call number Barcode Date last seen Copy number Price effective from Koha item type
    Dewey Decimal Classification     Virtual Virtual Online 14/05/2010   ONLINE PUBLICATION 149905-2001 06/08/2019 1 06/08/2019 Book